000 01087nam a2200241Ii 4500
003 JO-AjNU
008 230605s9999||||xx |||||||||||||| ||und||
017 _a2007/6164
020 _a978-99901-38-13-9
040 _aJO-AjNU
_bara
_erda
_cJO-AjNU
041 _aara
050 1 4 _aKMF1097.A9234.2007
100 3 _aعبدالله ، باسم محمد صالح ,
_eauthor
_953052
245 0 0 _aشرح القانون التجاري البحريني / القسم الأول : النظرية العامة : الأعمال التجارية ، التاجر ، واجبات التاجر ، العقود التجارية
250 _aط2
264 3 1 _aمملكة البحرين : جامعة العلوم التطبيقية، 2009
300 _aالقسم الاول، 288ص
336 _atext
_btxt
_2rdacontent
337 _aunmediated
_bn
_2rdamedia
338 _avolume
_bnc
_2rdacarrier
490 0 _aجامعة العلوم التطبيقية - مملكة البحرين ؛ سلسلة الكتب القانونية (8)
650 4 _aقانون تجاري -- البحرين
_953053
999 _aA23538
_c27106
_d27106